000 00780nam a2200205Ia 4500
003 GCL
005 20240530095031.0
008 140319s9999 xx 000 0 ara d
020 _a6096322977
040 _aGCL /
_cGCL
082 0 4 _a962.6234
_bق/س ح
100 1 _aسوزان السعيد يوسف
245 1 0 _aالحياة الشعبية جنوب البحر الاحمر :
_bشلاتين وابورماد /
_cسوزان السعيد يوسف
250 _aالاولى
260 _aالقاهرة :
_bمركز البحوث والدراسات الاجتماعية ،
_c2002
300 _a206 ص ؛
_c24 سم
650 0 4 _aالبحر الاحمر - العادات والتقاليد
650 0 4 _aالبحر الاحمر - الحياة اليومية
942 _2ddc
_cBK
999 _c3452
_d3452